ARRUPE JESUIT UNIVERSITY

CORONAVIRUS -STOP THE SPREAD - CLEAN,DISINFECT,COVER

The social construction of reality : (Record no. 130707)

MARC details
000 -LEADER
fixed length control field 00976pam a2200277 i 4500
001 - CONTROL NUMBER
control field 881997
003 - CONTROL NUMBER IDENTIFIER
control field ARRUPE
005 - DATE AND TIME OF LATEST TRANSACTION
control field 20211007133905.0
008 - FIXED-LENGTH DATA ELEMENTS--GENERAL INFORMATION
fixed length control field 800421r1980 nyu b 001 0 eng
010 ## - LIBRARY OF CONGRESS CONTROL NUMBER
LC control number 80016255
020 ## - INTERNATIONAL STANDARD BOOK NUMBER
International Standard Book Number 0891975780
040 ## - CATALOGING SOURCE
Original cataloging agency DLC
Transcribing agency DLC
Modifying agency DLC
050 10 - LIBRARY OF CONGRESS CALL NUMBER
Classification number BD175
Item number .B4 1980
082 00 - DEWEY DECIMAL CLASSIFICATION NUMBER
Classification number 306/.4
300 ## - PHYSICAL DESCRIPTION
Dimensions 22 cm.
100 1# - MAIN ENTRY--PERSONAL NAME
Personal name Berger, Peter L.,
Dates associated with a name 1929-2017.
9 (RLIN) 50322
245 14 - TITLE STATEMENT
Title The social construction of reality :
Remainder of title a treatise in the sociology of knowledge /
Statement of responsibility, etc by Peter L. Berger and Thomas Luckmann.
250 ## - EDITION STATEMENT
Edition statement 1st Irvington ed.
260 ## - PUBLICATION, DISTRIBUTION, ETC. (IMPRINT)
Place of publication, distribution, etc New York :
Name of publisher, distributor, etc Irvington Publishers,
Date of publication, distribution, etc 1980, c1966.
300 ## - PHYSICAL DESCRIPTION
Extent vii, 203 p. ;
500 ## - GENERAL NOTE
General note Reprint of the ed. published by Doubleday, Garden City, N.Y.
504 ## - BIBLIOGRAPHY, ETC. NOTE
Bibliography, etc Includes bibliographical references and index.
650 #0 - SUBJECT ADDED ENTRY--TOPICAL TERM
Topical term or geographic name as entry element Knowledge, Sociology of.
9 (RLIN) 9945
700 1# - ADDED ENTRY--PERSONAL NAME
Personal name Luckmann, Thomas,
Relator term joint author.
9 (RLIN) 50323
906 ## - LOCAL DATA ELEMENT F, LDF (RLIN)
a 7
b cbc
c orignew
d 1
e ocip
f 19
g y-gencatlg
942 ## - ADDED ENTRY ELEMENTS (KOHA)
Source of classification or shelving scheme Library of Congress Classification
Koha item type Monograph ( Printed materials)
Holdings
Withdrawn status Lost status Source of classification or shelving scheme Damaged status Not for loan Collection code Home library Current library Shelving location Date acquired Total Checkouts Full call number Barcode Date last seen Price effective from Koha item type
    Library of Congress Classification     Main Collection ARRUPE LIBRARY ARRUPE LIBRARY Main Collection 07/10/2021   BD175 .B4 1980 46600007793 07/10/2021 07/10/2021 Monograph ( Printed materials)

 

Arrupe Library. PO Box MP320 Mt Pleasant, Harare, Zimbabwe
263 242 745411|librarian@aju.ac.zw